000 01422nam a2200337Ia 4500
008 130821s2006 ck ao gr spa
020 _a9588225760
040 _aCo-BoUCM
_bspa
041 0 0 _aspa
060 _aQW 504
100 1 _aSiachoque Montañez, Heber Orlando
245 1 0 _aInmunología diagnóstico e interpretación de pruebas de laboratorio
_cHeber Orlando Siachoque Montañez
260 _aBogotá (Colombia)
_bCentro Editorial Rosarista
_c2006
300 _a133 páginas
_bfotografías
490 _aColección Lecciones de Medicina
504 _aIncluye bibliografía.
650 0 4 _aFagocitosis
_915537
650 0 4 _aInmunología
_917698
650 0 4 _aLaboratorios clínicos
_918239
650 0 4 _aSangre
_xAnálisis
_9115
650 0 4 _aSerodiagnóstico
_924250
650 0 4 _aTécnicas de laboratorio clínico
_925116
650 0 4 _aTécnicas microbiológicas
_925124
650 0 4 _aTecnología médica
_925142
650 0 4 _aToxoplasmosis
_vDiagnostico
_925565
710 1 _aUniversidad Colegio Mayor de Nuestra Señor del Rosario.
_bFacultad de Medicina
856 _zConsulte la información editorial haciendo clic aquí
_uhttp://editorial.urosario.edu.co/?q=node/25&products_id=2520
856 _zConsulte la Portada y la Tabla de Contenido haciendo clic aquí
_uhttp://hdl.handle.net/10336/907
942 _cLIBRO
_a15
_e1
_mS562i
_2DEWEY
_h616.079
_n0
999 _c49560
_d49560